Dioniso о Cibele? osservazioni ad un rilievo medioevale da Kiev /
Elmentve itt :
| Szerző: | |
|---|---|
| Dokumentumtípus: | Könyv része |
| Megjelent: |
1994
|
| Sorozat: | Acta Universitatis Szegediensis : Opuscula Byzantina
9 Byzance et ses voisins : mélanges à la mémoire de Gyula Moravcsik à l'occasion du centième anniversaire de sa naissance 9 |
| Kulcsszavak: | Bizánc - művelődéstörténet |
| Tárgyszavak: | |
| Online Access: | http://acta.bibl.u-szeged.hu/4113 |
| LEADER | 00910naa a2200217 i 4500 | ||
|---|---|---|---|
| 001 | acta4113 | ||
| 005 | 20210923095806.0 | ||
| 008 | 161015s1994 hu o 0|| ita d | ||
| 022 | |a 0139-2751 | ||
| 040 | |a SZTE Egyetemi Kiadványok Repozitórium |b hun | ||
| 041 | |a ita | ||
| 100 | 1 | |a Kádár Zoltán | |
| 245 | 1 | 0 | |a Dioniso о Cibele? |h [elektronikus dokumentum] : |b osservazioni ad un rilievo medioevale da Kiev / |c Kádár Zoltán |
| 260 | |c 1994 | ||
| 300 | |a 157-159 | ||
| 490 | 0 | |a Acta Universitatis Szegediensis : Opuscula Byzantina |v 9 | |
| 490 | 0 | |a Byzance et ses voisins : mélanges à la mémoire de Gyula Moravcsik à l'occasion du centième anniversaire de sa naissance |v 9 | |
| 650 | 4 | |a Bölcsészettudományok | |
| 650 | 4 | |a Történettudomány és régészet | |
| 695 | |a Bizánc - művelődéstörténet | ||
| 856 | 4 | 0 | |u http://acta.bibl.u-szeged.hu/4113/1/opuscula_byzantina_009_157-159.pdf |z Dokumentum-elérés |